Smart Wireless Sensing: From IoT to AIoT / (Record no. 616517)

000 -LEADER
fixed length control field 00523nam a22001697a 4500
003 - CONTROL NUMBER IDENTIFIER
control field NUST
005 - DATE AND TIME OF LATEST TRANSACTION
control field 20260305114949.0
008 - FIXED-LENGTH DATA ELEMENTS--GENERAL INFORMATION
fixed length control field 260305b ||||| |||| 00| 0 eng d
020 ## - INTERNATIONAL STANDARD BOOK NUMBER
International Standard Book Number 978-9811656583
082 ## - DEWEY DECIMAL CLASSIFICATION NUMBER
Classification number 384.3
Author Mark ZHE
100 ## - MAIN ENTRY--PERSONAL NAME
Personal name Zheng Yang, Kun Qian, Chenshu Wu, & Yi Zhang.
9 (RLIN) 133576
245 ## - TITLE STATEMENT
Title Smart Wireless Sensing: From IoT to AIoT /
Statement of responsibility, etc. Zheng Yang, Kun Qian, Chenshu Wu & Yi Zhang.
260 ## - PUBLICATION, DISTRIBUTION, ETC.
Place of publication, distribution, etc. Singapore:
Name of publisher, distributor, etc. Springer,
Date of publication, distribution, etc. 2021.
300 ## - PHYSICAL DESCRIPTION
Extent 233 p ;
Dimensions 35.5 cm
563 ## - BINDING INFORMATION
Binding note Hardcover
942 ## - ADDED ENTRY ELEMENTS (KOHA)
Source of classification or shelving scheme
Koha item type Book
Holdings
Withdrawn status Lost status Source of classification or shelving scheme Damaged status Not for loan Permanent Location Current Location Date acquired Total Checkouts Full call number Barcode Date last seen Price effective from Koha item type
          Institute of Geographical Information Systems (IGIS) Institute of Geographical Information Systems (IGIS) 03/05/2026   384.3 ZHE IGIS-129 03/05/2026 03/05/2026 Book
© 2023 Central Library, National University of Sciences and Technology. All Rights Reserved.